[Event "4th Polonia Wroclaw Open A"]
[Site "Wroclaw POL"]
[Date "2009.06.24"]
[Round "7"]
[White "Aleksandrov,A"]
[Black "Baklan,V"]
[Result "0-1"]
[WhiteElo "2624"]
[BlackElo "2618"]
[EventDate "2009.06.20"]

1. d4 Nf6 2. c4 g6 3. Nc3 Bg7 4. e4 d6 5. Be2 O-O 6. Bg5 c6 7. Nf3 a6 8.
O-O b5 9. a3 bxc4 10. Bxc4 Bg4 11. h3 Bxf3 12. Qxf3 Nbd7 13. Qe2 Ne8 14.
Bxa6 Qa5 15. Bb7 Rb8 16. Bxc6 Qxg5 17. Bxd7 Bxd4 18. Nb5 Be5 19. Bxe8 Rfxe8
20. a4 Rec8 21. Rad1 h5 22. Rd5 Rc1 23. b3 Rbc8 24. Rfd1 R8c2 25. Qe3 Bf4
26. Rxc1 Rxc1+ 27. Qxc1 Bh2+ 28. Kxh2 Qxc1 29. f3 Qf4+ 30. Kh1 Qe3 31. Nxd6
exd6 32. Rb5 Kg7 33. a5 Qe2 34. Rd5 Qe1+ 35. Kh2 Qb4 36. h4 Qxb3 37. Rxd6
Qb8 38. e5 Qb5 39. f4 Qxa5 40. g3 Qe1 41. Kg2 Qe2+ 42. Kh3 Qf1+ 43. Kh2
Qf2+ 44. Kh3 Qg1 45. Rd2 Kf8 46. Rg2 Qh1+ 47. Rh2 Qf1+ 48. Rg2 Ke7 49. Kh2
Ke6 50. Rg1 Qf2+ 51. Rg2 Qf3 52. Rg1 Kf5 53. Kh3 Qg4+ 54. Kh2 Qe2+ 55. Kh3
Ke4 56. Rg2 Qe1 0-1

[Event "4th Polonia Wroclaw Open A"]
[Site "Wroclaw POL"]
[Date "2009.06.24"]
[Round "7"]
[White "Tiviakov,S"]
[Black "Piorun,K"]
[Result "1-0"]
[WhiteElo "2697"]
[BlackElo "2476"]
[EventDate "2009.06.20"]

1. e4 e6 2. d4 d5 3. Nd2 Nf6 4. e5 Nfd7 5. c3 c5 6. Bd3 b6 7. Ne2 Ba6 8.
Bxa6 Nxa6 9. O-O Nc7 10. Nf4 Be7 11. Qg4 g6 12. Nf3 h5 13. Qh3 c4 14. g4 h4
15. g5 b5 16. Qg4 Nf8 17. Nh3 a5 18. Nxh4 b4 19. Nf3 Nd7 20. Nf4 Nb6 21. h4
Na4 22. cxb4 axb4 23. h5 gxh5 24. Nxh5 Kd7 25. Nf6+ Kc6 26. Kg2 Qf8 27. b3
Nb6 28. Bf4 c3 29. Nh4 Qg7 30. Bg3 Nd7 31. Qf4 Nf8 32. Qe3 Ng6 33. Nf3 Nb5
34. Qe2 Qf8 35. Ng4 Qd8 36. Qe3 Qb6 37. Nh6 Rhf8 38. Qd3 Nh8 39. Bf4 Bd8
40. Be3 Ra7 41. Ne1 Na3 42. Rc1 Qb5 43. Qd1 Ng6 44. Qh5 Qb7 45. Nd3 Qe7 46.
f4 Nb5 47. Rf2 Re8 48. f5 exf5 49. Nxf5 Qf8 50. Nh6 Nh8 51. Rcf1 Nd6 52.
Nxb4+ Kb5 53. Nxd5 Ne4 54. Qe2+ Kc6 55. Qc4+ 1-0

[Event "4th Polonia Wroclaw Open A"]
[Site "Wroclaw POL"]
[Date "2009.06.24"]
[Round "7"]
[White "Fridman,D2"]
[Black "Socko,M"]
[Result "1-0"]
[WhiteElo "2646"]
[BlackElo "2456"]
[EventDate "2009.06.20"]

1. Nf3 Nf6 2. d4 g6 3. g3 Bg7 4. Bg2 O-O 5. c4 d6 6. Nc3 Nc6 7. O-O Bg4 8.
h3 Bxf3 9. Bxf3 Nd7 10. e3 e5 11. dxe5 Ndxe5 12. Be2 Qd7 13. Kh2 Na5 14.
Qd5 b6 15. f4 c6 16. Qe4 f5 17. Qc2 Nf7 18. b4 Nb7 19. Bd2 Rfe8 20. Bf3
Rac8 21. Qd3 Kh8 22. a3 Nh6 23. Rae1 Re7 24. Qe2 Ng8 25. g4 Nf6 26. g5 Nh5
27. Bxh5 gxh5 28. e4 Rce8 29. Qd3 fxe4 30. Nxe4 Qf5 31. Nf2 Qf7 32. Rxe7
Rxe7 33. f5 Be5+ 34. Kg2 d5 35. cxd5 Rd7 36. Bc3 Rxd5 37. Qe3 Qxf5 38. Re1
Bxc3 39. Qe8+ 1-0

[Event "4th Polonia Wroclaw Open A"]
[Site "Wroclaw POL"]
[Date "2009.06.24"]
[Round "7"]
[White "Balogh,C"]
[Black "Socko,B"]
[Result "1/2-1/2"]
[WhiteElo "2609"]
[BlackElo "2637"]
[EventDate "2009.06.20"]

1. e4 e5 2. Nf3 Nc6 3. Bb5 a6 4. Ba4 Nf6 5. O-O Be7 6. Re1 b5 7. Bb3 d6 8.
c3 O-O 9. h3 Nb8 10. d4 Nbd7 11. Nbd2 Bb7 12. Bc2 Re8 13. Nf1 Bf8 14. Ng3
g6 15. b3 Bg7 16. d5 Qe7 17. c4 c5 18. cxb5 axb5 19. Bd3 b4 20. Nd2 Nb6 21.
a4 bxa3 22. Bxa3 Qc7 23. Qe2 Bh6 24. Ngf1 Ra7 25. Bb2 Rea8 26. Rxa7 Rxa7
27. Ra1 Bc8 28. Ba6 Bd7 29. Bb5 Rxa1 30. Bxa1 Qa7 1/2-1/2

[Event "4th Polonia Wroclaw Open A"]
[Site "Wroclaw POL"]
[Date "2009.06.24"]
[Round "7"]
[White "Leniart,A"]
[Black "Malakhatko,V"]
[Result "1/2-1/2"]
[WhiteElo "2372"]
[BlackElo "2610"]
[EventDate "2009.06.20"]

1. e4 c6 2. d4 d5 3. Nc3 dxe4 4. Nxe4 Bf5 5. Ng3 Bg6 6. Nf3 Nd7 7. h4 h6 8.
h5 Bh7 9. Bd3 Bxd3 10. Qxd3 e6 11. Bf4 Qa5+ 12. Bd2 Bb4 13. c3 Be7 14. c4
Qc7 15. O-O-O Ngf6 16. Kb1 O-O 17. Rhe1 Rfd8 18. Qc2 a5 19. Bc3 Bf8 20. Ne5
Nxe5 21. dxe5 Nd7 22. f4 Nc5 23. Ne4 Nxe4 24. Qxe4 Rxd1+ 25. Rxd1 Rd8 26.
Rd3 b5 27. g3 a4 28. Rxd8 Qxd8 29. Qd4 Qa8 30. c5 Qa7 1/2-1/2

[Event "4th Polonia Wroclaw Open A"]
[Site "Wroclaw POL"]
[Date "2009.06.24"]
[Round "7"]
[White "Muzychuk,M"]
[Black "Bartel,Mat"]
[Result "1/2-1/2"]
[WhiteElo "2441"]
[BlackElo "2601"]
[EventDate "2009.06.20"]

1. e4 c6 2. d4 d5 3. Nc3 dxe4 4. Nxe4 Bf5 5. Ng3 Bg6 6. h4 h6 7. Nf3 Nf6 8.
h5 Bh7 9. Bd3 Bxd3 10. Qxd3 e6 11. Bd2 c5 12. Ne4 Nbd7 13. O-O-O Qc7 14.
Nxf6+ Nxf6 15. Qb5+ Qc6 16. Qxc6+ bxc6 17. Be3 cxd4 18. Nxd4 Rc8 19. f3 Bc5
20. Nf5 Bxe3+ 21. Nxe3 Ke7 22. g4 Rhd8 23. a4 Nd5 24. Nc4 Kf6 25. Rhe1 c5
26. Re4 Ke7 27. Ne5 f6 28. Nc4 Kf7 29. f4 Rd7 30. Rde1 Nc7 31. Na5 Rb8 32.
Nb3 Na6 33. Rxe6 Nb4 34. R6e3 Rc8 35. Kb1 c4 36. Nc1 Nd5 37. Re4 Rb7 38.
Ne2 Rcb8 39. Rxc4 Rxb2+ 40. Kc1 Ra2 41. Kd2 Rb7 42. Nc1 Nb6 43. Nxa2 Nxc4+
44. Kc3 Rc7 45. Kb3 Na5+ 46. Kb4 Nc6+ 47. Ka3 Nd4 48. Re4 Rc4 49. Kb2 Rxc2+
50. Kb1 Rd2 51. Nc3 f5 52. gxf5 Nxf5 53. Re5 Ng3 54. Ra5 Rd7 55. Kc2 g6 56.
hxg6+ Kxg6 57. Ra6+ Kg7 58. Re6 h5 59. Re5 h4 60. Rg5+ Kf6 61. Nd5+ Ke6 62.
Ne3 Rh7 63. Rg6+ Kf7 64. Ra6 Kf8 65. Ng4 h3 66. Kd3 Rh4 67. Nh2 Rxf4 68.
Rxa7 Rf2 69. Ng4 Rf3+ 70. Kc2 Kg8 71. Ra8+ Kg7 72. Ra7+ Kg8 73. Ra8+ Kg7
74. Ra7+ Kg8 1/2-1/2

[Event "4th Polonia Wroclaw Open A"]
[Site "Wroclaw POL"]
[Date "2009.06.24"]
[Round "7"]
[White "Colin,V"]
[Black "Macieja,B"]
[Result "0-1"]
[WhiteElo "2415"]
[BlackElo "2601"]
[EventDate "2009.06.20"]

1. d4 Nf6 2. Nf3 e6 3. Bg5 h6 4. Bh4 b6 5. Nbd2 Bb7 6. e3 Be7 7. Bd3 g5 8.
Bg3 g4 9. Ne5 h5 10. e4 d6 11. Nec4 h4 12. Bf4 d5 13. exd5 Qxd5 14. Qe2
Qxg2 15. O-O-O Qxh1 16. Rxh1 Bxh1 17. Bxc7 Nbd7 18. Nd6+ Kf8 19. c4 a6 20.
d5 exd5 21. Bf5 Rh5 22. h3 Bf3 23. Nxf3 gxf3 24. Qxf3 Ra7 25. Bxd7 Rxc7 26.
Bg4 Re5 27. Kd1 dxc4 28. Qa8+ Kg7 29. Nf5+ Kh7 30. Nxh4 Nxg4 31. hxg4 Rd7+
32. Kc2 Re2+ 33. Kc3 b5 0-1

[Event "4th Polonia Wroclaw Open A"]
[Site "Wroclaw POL"]
[Date "2009.06.24"]
[Round "7"]
[White "Gumula,D"]
[Black "Yemelin,V"]
[Result "0-1"]
[WhiteElo "2330"]
[BlackElo "2582"]
[EventDate "2009.06.20"]

1. d4 Nf6 2. c4 e6 3. Nc3 Bb4 4. Qc2 d5 5. cxd5 exd5 6. Bg5 c5 7. Nf3 h6 8.
Bxf6 Qxf6 9. a3 Ba5 10. dxc5 Bxc3+ 11. Qxc3 Qxc3+ 12. bxc3 Na6 13. Rd1 Be6
14. Nd4 Nxc5 15. e3 Ke7 16. f3 Rac8 17. Kd2 Na4 18. Rb1 b6 19. Rb3 Bd7 20.
Be2 Rc5 21. Rc1 g5 22. h3 h5 23. Bb5 Bxb5 24. Rxb5 a6 25. Rb4 b5 26. Ne2
Nb6 27. Kd3 h4 28. Nd4 Kf6 29. Rb2 Rhc8 30. Ra2 R5c7 31. f4 Na4 32. fxg5+
Kxg5 33. Rac2 Kh5 34. Kd2 Nc5 35. Ke2 Ne4 36. Kd3 Nc5+ 37. Ke2 Rg8 38. Kf1
Ne4 39. Ne2 Ng3+ 40. Kf2 Nxe2 41. Rxe2 Rgc8 42. Rec2 Rc4 43. Ke2 f5 44. Kd3
Ra4 45. Ra1 Kg5 46. Rb2 Rac4 47. Rc1 Kf6 48. Rb4 Ke5 49. Rc2 R8c7 50. Rc1
Rg7 51. Rc2 Rg3 52. Rf2 Re4 53. Rxe4+ dxe4+ 54. Kd2 Ke6 55. Ke2 Kf6 56. Kd2
Rg7 57. Kc2 Ke5 58. Kc1 Rd7 59. Kc2 Rd3 60. Re2 Ke6 61. Kb3 Ke5 62. Kc2 a5
63. Re1 Kd5 64. Kb3 Kc5 65. Rf1 a4+ 66. Kb2 Kc4 67. Rxf5 Rxe3 68. Rf2 Rxc3
69. Rf4 Rb3+ 70. Ka2 Kd3 71. Rxh4 e3 0-1

[Event "4th Polonia Wroclaw Open A"]
[Site "Wroclaw POL"]
[Date "2009.06.24"]
[Round "7"]
[White "Grabarczyk,M"]
[Black "Tomczak,J"]
[Result "1/2-1/2"]
[WhiteElo "2469"]
[BlackElo "2447"]
[EventDate "2009.06.20"]

1. d4 Nf6 2. c4 g6 3. Nf3 Bg7 4. g3 d5 5. cxd5 Nxd5 6. Bg2 Nb6 7. O-O Nc6
8. e3 O-O 9. Nc3 Re8 10. d5 Na5 11. Nd4 Bd7 12. Rb1 Rc8 13. b4 c5 14. Ne6
fxe6 15. bxa5 Bxc3 16. axb6 axb6 17. Qc2 Bf6 18. dxe6 Bxe6 19. Bxb7 Rb8 20.
Rd1 Qc7 21. Bd5 Bxd5 22. Rxd5 Red8 23. Qc4 Rxd5 24. Qxd5+ Kg7 25. Bb2 Rd8
26. Qe4 c4 27. Bd4 Rd6 28. a4 c3 29. Rc1 Rc6 30. Bxf6+ exf6 31. Rc2 Rc4 32.
Qd3 Qc6 33. Kf1 Rxa4 34. Qxc3 Qh1+ 35. Ke2 Qxh2 36. Kf3 Qh1+ 37. Ke2 Qa8
38. Qc6 Kh6 39. g4 g5 40. e4 Ra3 41. f3 Rb3 42. Kf2 Kg6 43. Kg3 Kf7 44. Rc1
Rb5 45. Rh1 1/2-1/2

[Event "4th Polonia Wroclaw Open A"]
[Site "Wroclaw POL"]
[Date "2009.06.24"]
[Round "7"]
[White "Aliavdin,N"]
[Black "Olszewski,Mi"]
[Result "0-1"]
[WhiteElo "2365"]
[BlackElo "2538"]
[EventDate "2009.06.20"]

1. e4 c5 2. Nf3 d6 3. d4 cxd4 4. Nxd4 Nf6 5. Nc3 a6 6. Be3 e5 7. Nb3 Be7 8.
Qd2 Be6 9. O-O-O O-O 10. f4 b5 11. h3 Qc7 12. Kb1 Rc8 13. g4 Nbd7 14. Bd3
b4 15. Ne2 a5 16. f5 Bc4 17. g5 Ne8 18. f6 Bf8 19. fxg7 Nxg7 20. Ng3 a4 21.
Bxc4 Qxc4 22. Nc1 b3 23. cxb3 axb3 24. Nxb3 Qa4 25. Nc1 Rxc1+ 26. Kxc1 Qxa2
27. Qc2 Ne6 28. Kd2 Ndc5 29. Ke2 Nb3 30. Nf5 Rb8 31. Rb1 Rb4 32. Kf2 Qa8
33. Ng3 Nbd4 34. Qc3 d5 35. exd5 Qxd5 36. Bxd4 Rxd4 37. Nh5 Rd2+ 38. Ke1
Qxh1+ 39. Kxd2 Qxb1 40. Nf6+ Kg7 41. Qxe5 Bb4+ 0-1

[Event "4th Polonia Wroclaw Open A"]
[Site "Wroclaw POL"]
[Date "2009.06.24"]
[Round "7"]
[White "Lahiri,A"]
[Black "Swiercz,D"]
[Result "1/2-1/2"]
[WhiteElo "2332"]
[BlackElo "2492"]
[EventDate "2009.06.20"]

1. d4 Nf6 2. c4 c5 3. d5 b5 4. Nf3 g6 5. Nfd2 Bg7 6. e4 bxc4 7. Nc3 d6 8.
Nxc4 O-O 9. Be2 Nbd7 10. O-O Nb6 11. Ne3 e6 12. a4 exd5 13. exd5 a5 14. Rb1
Re8 15. Qc2 Re5 16. f4 Rxe3 17. Bxe3 Bf5 18. Bd3 Nfxd5 19. Nxd5 Nxd5 20.
Bd2 Be6 21. f5 gxf5 22. Bxf5 Qh4 23. Qe4 Qxe4 24. Bxe4 Ra7 25. Bxd5 Bxd5
26. Bc3 Be4 27. Rbc1 f5 28. Bxg7 Rxg7 29. Rf2 Kf7 30. Rc3 Ke6 31. Rb3 Ke5
32. Rb5 Ra7 33. Rd2 Ra6 34. Rb8 d5 35. Re8+ Kd6 36. Kf2 d4 37. Kg3 Kd5 38.
Kf4 Rg6 39. Rd8+ Ke6 40. Re8+ Kd5 41. Rd8+ Ke6 42. Re8+ Kd5 1/2-1/2

[Event "4th Polonia Wroclaw Open A"]
[Site "Wroclaw POL"]
[Date "2009.06.24"]
[Round "7"]
[White "Godard,M"]
[Black "Sieciechowicz,M"]
[Result "1-0"]
[WhiteElo "2336"]
[BlackElo "2392"]
[EventDate "2009.06.20"]

1. d4 d5 2. Nf3 Nf6 3. c4 c6 4. e3 e6 5. b3 Nbd7 6. Be2 Bd6 7. O-O b6 8. a4
a5 9. Ba3 Bxa3 10. Rxa3 O-O 11. Nc3 Bb7 12. cxd5 Nxd5 13. Nxd5 exd5 14. Qb1
Qe7 15. Ra2 c5 16. Rc1 Rac8 17. Rac2 g6 18. Qb2 Qf6 19. Bb5 Bc6 20. Ba6 Rc7
21. Ne1 Ra8 22. Bf1 Rac8 23. Nd3 c4 24. Nf4 g5 25. bxc4 dxc4 26. Nh5 Qd6
27. Rxc4 Bxa4 28. d5 f6 29. Rxc7 Rxc7 30. Rxc7 Qxc7 31. Nxf6+ Kf7 32. Ne4
Qe5 33. Nc3 b5 34. Bxb5 Bxb5 35. Qxb5 Qxc3 36. Qxd7+ Kf6 37. Qe6+ Kg7 38.
g3 Qf6 39. Qd7+ Qf7 40. Qb5 a4 41. Qxa4 Qxd5 42. h4 gxh4 43. Qxh4 Qd1+ 44.
Kg2 Qe2 45. e4 Kg6 46. Qf4 Qd3 47. e5 Qd5+ 48. Kh2 Qe6 49. Qf6+ Qxf6 50.
exf6 Kxf6 51. g4 Kg5 52. Kg3 Kg6 53. Kh4 Kh6 54. f4 Kg6 55. f5+ Kh6 56. g5+
Kg7 57. Kh5 Kf7 58. Kh6 Kg8 59. g6 Kh8 60. g7+ 1-0

[Event "4th Polonia Wroclaw Open A"]
[Site "Wroclaw POL"]
[Date "2009.06.24"]
[Round "7"]
[White "Biolek,R1"]
[Black "Strzemiecki,Z"]
[Result "1-0"]
[WhiteElo "2373"]
[BlackElo "2307"]
[EventDate "2009.06.20"]

1. d4 Nf6 2. Nf3 e6 3. Bg5 Be7 4. e3 b6 5. Nbd2 Bb7 6. Bd3 c5 7. c3 cxd4 8.
exd4 O-O 9. O-O Nd5 10. Ne4 f5 11. Nd6 Bc6 12. Bxe7 Qxe7 13. Nc4 d6 14. Qd2
Nd7 15. Rfe1 Rae8 16. Re2 Rf6 17. Na3 Nc7 18. Ng5 h6 19. Nh3 e5 20. Bc4+
Kh8 21. d5 Bb7 22. Nb5 Nxb5 23. Bxb5 a6 24. Bxd7 Qxd7 25. c4 Rc8 26. b3 g5
27. f3 Qc7 28. Nf2 Qc5 29. a4 Rg8 30. Kh1 h5 31. Qb2 Kh7 32. Nd3 Qc7 33. a5
b5 34. cxb5 axb5 35. Nb4 Rfg6 36. Rc2 Qf7 37. Rac1 R8g7 38. a6 Bxa6 39.
Nxa6 Qxd5 40. Nb4 Qe6 41. Nd3 h4 42. Rc7 Qd5 43. Rxg7+ Rxg7 44. Nf2 g4 45.
fxg4 h3 46. Nxh3 Rxg4 47. Qe2 Kg6 48. Rd1 Rd4 49. Rf1 Rd3 1-0

[Event "4th Polonia Wroclaw Open A"]
[Site "Wroclaw POL"]
[Date "2009.06.24"]
[Round "7"]
[White "Muzychuk,A"]
[Black "Piesik,P"]
[Result "1-0"]
[WhiteElo "2533"]
[BlackElo "2206"]
[EventDate "2009.06.20"]

1. e4 e6 2. d4 d5 3. Nc3 dxe4 4. Nxe4 Bd7 5. Nf3 Bc6 6. Bd3 Nd7 7. O-O Ngf6
8. Ned2 Be7 9. b3 O-O 10. Bb2 Re8 11. c4 Bxf3 12. Nxf3 c5 13. Bc2 cxd4 14.
Nxd4 Qb6 15. Qe2 Nf8 16. Rad1 Ng6 17. a3 a5 18. Nb5 Red8 19. Bd4 Qc6 20. g3
Nf8 21. Rd2 Rd7 22. Rfd1 Rad8 23. h3 b6 24. Bc3 Rxd2 25. Rxd2 Rxd2 26. Bxd2
Qd7 27. Bc3 Qd8 28. b4 axb4 29. axb4 N6d7 30. Be4 Bf6 31. Bd2 Be7 32. Bg2
Ne5 33. Bf4 Ned7 34. Qd2 Qc8 35. Bc7 Qa6 36. Bd6 Qa1+ 37. Kh2 Qf6 38. Bf4
h6 39. Nd6 e5 40. Ne8 Qg6 41. Be3 f5 42. Nc7 Qd6 43. Nd5 Bd8 44. Qa2 Kh7
45. Qa6 Qe6 46. Qc8 Be7 47. c5 bxc5 48. bxc5 e4 49. Nxe7 Qxe7 50. c6 Nf6
51. Qxf5+ Kg8 52. Bd4 N8h7 53. Bf1 Qc7 54. Bc4+ Kh8 55. Qc5 h5 56. Be6 Ng5
57. Qxg5 Qxc6 58. Bxf6 1-0

[Event "4th Polonia Wroclaw Open A"]
[Site "Wroclaw POL"]
[Date "2009.06.24"]
[Round "7"]
[White "Panocki,A"]
[Black "Rajlich,I"]
[Result "0-1"]
[WhiteElo "2370"]
[BlackElo "2424"]
[EventDate "2009.06.20"]

1. e4 e6 2. d4 d5 3. Nc3 Bb4 4. Nge2 dxe4 5. a3 Bxc3+ 6. Nxc3 Nf6 7. Bg5 h6
8. Bxf6 Qxf6 9. Nxe4 Qg6 10. Ng3 Nc6 11. Bb5 Bd7 12. Qd2 O-O-O 13. O-O-O
Qg5 14. Bc4 Qxd2+ 15. Rxd2 Ne7 16. Nf1 h5 17. Ne3 h4 18. f4 Bc6 19. Rf1 Be4
20. c3 Nd5 21. Ng4 Bf5 22. Bxd5 exd5 23. Ne5 Rdf8 24. Re1 f6 25. Nf3 h3 26.
g3 Bg4 27. Rd3 Kd7 28. Rde3 Rf7 29. Rf1 Re7 30. Rxe7+ Kxe7 31. Kd2 Kf7 32.
Ne1 Re8 33. Rf2 b6 34. Nc2 Bf5 35. Nb4 0-1

[Event "4th Polonia Wroclaw Open A"]
[Site "Wroclaw POL"]
[Date "2009.06.25"]
[Round "8"]
[White "Socko,B"]
[Black "Leniart,A"]
[Result "1-0"]
[WhiteElo "2637"]
[BlackElo "2372"]
[EventDate "2009.06.20"]

1. e4 e5 2. Nf3 Nc6 3. Bb5 a6 4. Ba4 Nf6 5. O-O Be7 6. Bxc6 dxc6 7. d3 Nd7
8. Nbd2 c5 9. Nc4 Bf6 10. b3 O-O 11. Bb2 Re8 12. h3 Re6 13. a4 b6 14. Nh2
g6 15. Ng4 Bg7 16. f4 exf4 17. Bxg7 Kxg7 18. Rxf4 h5 19. Nge3 Rf6 20. Rxf6
Nxf6 21. Qf3 Be6 22. Rf1 Nd7 23. Qg3 Rc8 24. a5 b5 25. Ne5 h4 26. Qf4 Qf6
27. Nxd7 Qxf4 28. Rxf4 Bxd7 29. Rxh4 g5 30. Rh5 f6 31. g4 c4 32. h4 cxb3
33. cxb3 gxh4 34. Rxh4 c5 35. Kf2 Kg6 36. Nd5 Rd8 37. Ke3 Kg7 38. Nf4 Rc8
39. Rh1 c4 40. dxc4 bxc4 41. Rd1 Bb5 42. b4 c3 43. Ne6+ Kg6 44. Nc5 Rh8 45.
Rc1 Rh3+ 46. Kd4 Rg3 47. Rxc3 Rxg4 48. Nd3 Kg5 49. Rc5+ Kg6 50. Rxb5 1-0

[Event "4th Polonia Wroclaw Open A"]
[Site "Wroclaw POL"]
[Date "2009.06.25"]
[Round "8"]
[White "Macieja,B"]
[Black "Aleksandrov,A"]
[Result "1-0"]
[WhiteElo "2601"]
[BlackElo "2624"]
[EventDate "2009.06.20"]

1. e4 e5 2. Nf3 Nc6 3. Bb5 Nf6 4. Qe2 Bd6 5. c3 O-O 6. d3 Re8 7. Bg5 Bf8 8.
Nbd2 d6 9. Nf1 a6 10. Ba4 b5 11. Bb3 Be6 12. Ne3 Nb8 13. O-O Nbd7 14. Bc2
c6 15. d4 Qc7 16. Rfd1 d5 17. Bxf6 Nxf6 18. exd5 Nxd5 19. Nxe5 f6 20. Nd3
Bd6 21. g3 Qf7 22. a4 h5 23. axb5 Bg4 24. Qd2 Bxd1 25. Qxd1 axb5 26. Rxa8
Rxa8 27. Nxd5 cxd5 28. Bb3 g6 29. Qf3 Kg7 30. Bxd5 Ra1+ 31. Kg2 Qc7 32. Bc6
Ra5 33. h4 Qb6 34. Qe4 b4 35. Be8 Rf5 36. c4 Qd8 37. c5 Bb8 38. Nxb4 Be5
39. Bxg6 Kxg6 40. Nc6 Qc7 41. b4 1-0

[Event "4th Polonia Wroclaw Open A"]
[Site "Wroclaw POL"]
[Date "2009.06.25"]
[Round "8"]
[White "Malakhatko,V"]
[Black "Yemelin,V"]
[Result "1-0"]
[WhiteElo "2610"]
[BlackElo "2582"]
[EventDate "2009.06.20"]

1. d4 Nf6 2. c4 e6 3. Nf3 b6 4. g3 Ba6 5. b3 Bb4+ 6. Bd2 Be7 7. Bg2 d5 8.
cxd5 exd5 9. O-O O-O 10. Nc3 Bb7 11. Bc1 Nbd7 12. Bb2 Bd6 13. Rc1 a6 14. e3
Qe7 15. Rc2 Ne4 16. Ne2 f5 17. Qa1 Ndf6 18. Ne5 c5 19. dxc5 bxc5 20. Nd3
Rae8 21. Qc1 Ng4 22. h3 Nexf2 23. Rxf2 Nxe3 24. Nxc5 Rc8 25. b4 a5 26. a3
axb4 27. axb4 Nxc2 28. Qxc2 Ba6 29. Bd4 Bc4 30. Qd2 Rfe8 31. Nf4 Qe1+ 32.
Kh2 Qxd2 33. Rxd2 Ra8 34. Bf2 Bxf4 35. gxf4 Reb8 36. Rb2 Ra3 37. Nd7 Rba8
38. b5 Ra2 39. Rxa2 Rxa2 40. b6 Rxf2 41. b7 Rb2 42. b8=Q+ Rxb8 43. Nxb8 d4
44. Nc6 d3 45. Ne7+ Kf7 46. Nxf5 d2 47. Bf3 Kf6 48. Ne3 Be6 49. Bd1 g5 50.
fxg5+ Kxg5 51. Kg3 Bxh3 52. Kxh3 Kf4 53. Nc4 h5 54. Bxh5 d1=B 55. Bxd1 Ke4
56. Be2 Kd4 57. Kg3 Ke4 58. Kg4 Kd5 59. Kf4 Kd4 60. Ne3 Kc3 61. Ke4 Kb4 62.
Kd4 Kb3 63. Bc4+ Kb2 64. Kd3 Kb1 65. Kc3 Kc1 66. Bd5 Kb1 67. Nc2 Kc1 68.
Ba2 Kd1 69. Nd4 Ke1 70. Kd3 Kf2 71. Ne2 Kf3 72. Be6 1-0

[Event "4th Polonia Wroclaw Open A"]
[Site "Wroclaw POL"]
[Date "2009.06.25"]
[Round "8"]
[White "Balogh,C"]
[Black "Urban,K"]
[Result "1-0"]
[WhiteElo "2609"]
[BlackElo "2456"]
[EventDate "2009.06.20"]

1. e4 c6 2. d4 d5 3. e5 c5 4. dxc5 e6 5. Be3 Nd7 6. c4 Bxc5 7. Bxc5 Nxc5 8.
cxd5 Qxd5 9. Qxd5 exd5 10. Nc3 Ne7 11. Bb5+ Kf8 12. Rd1 Be6 13. Nf3 a6 14.
Be2 Nd7 15. O-O g6 16. Rfe1 Kg7 17. Nd4 Rhc8 18. f4 Nb6 19. Kf2 h5 20. h3
Nc4 21. Bxc4 Rxc4 22. Nce2 Bd7 23. b3 Rc5 24. Ng1 Nc6 25. Ngf3 Nd8 26. Ke3
Rac8 27. Rd3 a5 28. Rg1 Rc1 29. Rxc1 Rxc1 30. Rd2 Rc5 31. Rc2 b6 32. a3 Kf8
33. Ne1 Ke7 34. Nd3 Rxc2 35. Nxc2 Ne6 36. Nd4 Nc5 37. Nf2 Be8 38. g4 hxg4
39. hxg4 f6 40. exf6+ Kxf6 41. Nd3 Ne4 42. Nf3 Nc5 43. g5+ Ke7 44. Nd4 Ne4
45. Ne5 Kd6 46. Ng4 Ke7 47. Kd3 Nc5+ 48. Kd2 Ne4+ 49. Kc2 Nd6 50. Nf6 Bf7
51. Kd3 Nb7 52. Nc6+ Ke6 53. b4 axb4 54. axb4 Kf5 55. Ke3 Ke6 56. Kd4 Kf5
57. Ke3 Ke6 58. Kd4 Kf5 59. Ne5 Be6 60. Nxd5 Bxd5 61. Kxd5 Kxf4 62. Nf7 Kf5
63. Kc6 Na5+ 64. bxa5 bxa5 65. Kb5 Ke6 66. Nh6 Ke5 67. Kxa5 Ke6 68. Kb6 Kd6
69. Nf7+ Ke6 70. Kc6 Kxf7 71. Kd7 Kf8 72. Ke6 Kg7 73. Ke7 Kg8 74. Kf6 Kh7
75. Kf7 Kh8 76. Kxg6 Kg8 77. Kh6 Kh8 78. g6 Kg8 79. g7 1-0

[Event "4th Polonia Wroclaw Open A"]
[Site "Wroclaw POL"]
[Date "2009.06.25"]
[Round "8"]
[White "Bartel,Mat"]
[Black "Biolek,R1"]
[Result "1-0"]
[WhiteElo "2601"]
[BlackElo "2373"]
[EventDate "2009.06.20"]

1. d4 d5 2. Nf3 Nc6 3. g3 Bf5 4. c3 Qd7 5. b4 f6 6. Nbd2 e5 7. b5 Nce7 8.
dxe5 Ng6 9. exf6 Nxf6 10. Nd4 Bd6 11. Nxf5 Qxf5 12. Bg2 h5 13. Nf3 h4 14.
Nd4 Qh5 15. Bf3 Qh7 16. Qd3 hxg3 17. fxg3 O-O-O 18. Bg5 Ne4 19. Bxe4 dxe4
20. Qxe4 Rde8 21. Qd3 Qh5 22. h4 Ne5 23. Qf5+ Kb8 24. O-O g6 25. Qf2 Qg4
26. Qg2 Nc4 27. Rf3 Bc5 28. Raf1 Bxd4+ 29. cxd4 Qxd4+ 30. Qf2 Qe4 31. Rc3
Nd6 32. Qc5 Nxb5 33. Rc4 Qc6 34. Qxc6 bxc6 35. e3 Re6 36. a4 Kb7 37. axb5
cxb5 38. Rc5 Kb6 39. Rfc1 c6 40. e4 a5 41. e5 a4 42. Be3 Kb7 43. Kf2 Rf8+
44. Ke2 Rf5 45. Bf4 Rf7 46. Kd3 Kb6 47. Be3 Kb7 48. Ke4 Rf8 49. g4 Ra8 50.
Rf1 a3 51. Rf7+ Ka6 52. Bd4 b4 53. Kd3 b3 54. Rc3 c5 55. Rxc5 b2 56. Kc2
Rb6 57. Rf1 Rab8 58. Rc3 1-0

[Event "4th Polonia Wroclaw Open A"]
[Site "Wroclaw POL"]
[Date "2009.06.25"]
[Round "8"]
[White "Olszewski,Mi"]
[Black "Tomczak,J"]
[Result "0-1"]
[WhiteElo "2538"]
[BlackElo "2447"]
[EventDate "2009.06.20"]

1. Nf3 c5 2. e4 Nf6 3. e5 Nd5 4. c3 Nc6 5. Bc4 Nb6 6. Bb3 d5 7. exd6 c4 8.
Bc2 Qxd6 9. O-O g6 10. Na3 Bg7 11. b3 Be6 12. Qe2 Na5 13. Nb5 Qd7 14. Nbd4
Bd5 15. Re1 Bf6 16. Ba3 O-O 17. Ne5 Bxe5 18. Qxe5 Nc6 19. Qe3 Nxd4 20. Qxd4
Rfe8 21. Re3 Qc6 22. Rae1 Bxg2 23. Qg4 Bd5 24. Bxe7 Nc8 25. Bg5 Nd6 26. Qd4
Rxe3 27. Rxe3 Nb5 28. Qe5 Qd6 29. Bh6 f6 30. Qe7 Qxe7 31. Rxe7 Nd6 32. Rg7+
Kh8 33. Rd7 Re8 34. Kf1 Be6 0-1

[Event "4th Polonia Wroclaw Open A"]
[Site "Wroclaw POL"]
[Date "2009.06.25"]
[Round "8"]
[White "Piorun,K"]
[Black "Godard,M"]
[Result "1-0"]
[WhiteElo "2476"]
[BlackElo "2336"]
[EventDate "2009.06.20"]

1. e4 c5 2. Nf3 e6 3. d4 cxd4 4. Nxd4 a6 5. Bd3 Bc5 6. Nb3 Ba7 7. Nc3 Nc6
8. O-O Nge7 9. Qe2 O-O 10. Be3 d6 11. Rfd1 Qc7 12. Bxa7 Nxa7 13. Qe3 b6 14.
Na4 Rb8 15. c4 Rd8 16. Rac1 Rd7 17. Be2 Nac6 18. Nc3 Qd8 19. f4 Bb7 20. Rd2
Ba8 21. Rcd1 Rbb7 22. Na1 Nc8 23. Nc2 Qe7 24. b4 Rbc7 25. Na4 g5 26. g3 Nd8
27. e5 gxf4 28. exd6 Rxd6 29. Qxf4 Rxd2 30. Qxd2 Nc6 31. Nc3 Ne5 32. Qf4
Ng6 33. Qd4 Nf8 34. Qd8 Bb7 35. Qd4 Rd7 36. Qg4+ Ng6 37. Rxd7 Qxd7 38. Ne4
Qd8 39. Qf3 Kg7 40. Qe3 Nce7 41. h4 Nf5 42. Qc3+ e5 43. Nf2 Nd4 44. Nxd4
exd4 45. Qd2 Qd6 46. Kf1 Kg8 47. h5 Ne5 48. Qg5+ Kf8 49. h6 d3 50. Bh5 Bf3
51. Qg7+ Ke7 52. Bxf3 Nxf3 53. Qxh7 Qxg3 54. Qxd3 Qg1+ 55. Ke2 Ng5 56. Qe3+
Kf8 57. Qxb6 Ke7 58. Qe3+ Kd7 59. h7 1-0

[Event "4th Polonia Wroclaw Open A"]
[Site "Wroclaw POL"]
[Date "2009.06.25"]
[Round "8"]
[White "Guilleux,F"]
[Black "Grabarczyk,M"]
[Result "0-1"]
[WhiteElo "2313"]
[BlackElo "2469"]
[EventDate "2009.06.20"]

1. d4 d5 2. c4 e6 3. Nc3 Nf6 4. cxd5 exd5 5. Bg5 c6 6. e3 Bf5 7. Bd3 Bxd3
8. Qxd3 Nbd7 9. Nf3 Be7 10. Bxf6 Nxf6 11. O-O O-O 12. Rab1 a5 13. Ne5 Bd6
14. f4 Qe7 15. Kh1 Rfe8 16. Rbe1 Bb4 17. Re2 Bxc3 18. bxc3 Ne4 19. c4 f6
20. Nf3 b5 21. cxd5 cxd5 22. Nd2 Nxd2 23. Qxd2 Qa3 24. Qb2 Qd3 25. Rfe1
Rac8 26. Kg1 Rc3 27. Kf2 b4 28. Qb1 Qxb1 29. Rxb1 Rec8 30. Rb3 Kf7 31. Kf3
Ke6 32. Reb2 R8c4 33. g4 Kd6 34. a3 Rxb3 35. Rxb3 a4 0-1

[Event "4th Polonia Wroclaw Open A"]
[Site "Wroclaw POL"]
[Date "2009.06.25"]
[Round "8"]
[White "Socko,M"]
[Black "Muzychuk,M"]
[Result "1/2-1/2"]
[WhiteElo "2456"]
[BlackElo "2441"]
[EventDate "2009.06.20"]

1. e4 d5 2. exd5 Nf6 3. d4 Nxd5 4. c4 Nb6 5. Nf3 g6 6. Nc3 Bg7 7. c5 Nd5 8.
Bc4 c6 9. O-O O-O 10. Re1 Be6 11. Qb3 b6 12. Ng5 b5 13. Bxb5 Nxc3 14. Nxe6
fxe6 15. bxc3 cxb5 16. Rxe6 Kh8 17. Bg5 Bf6 18. Bxf6+ Rxf6 19. Rxf6 exf6
20. Qe6 a5 21. Re1 Na6 22. Qf7 Qf8 23. Qd7 b4 24. Re7 Qh6 25. Re8+ Rxe8 26.
Qxe8+ Kg7 27. Qe7+ Kg8 28. Qe6+ Kg7 29. Qe7+ Kg8 30. Qe6+ Kg7 31. Qd7+ Kg8
32. Qc8+ Kg7 33. Qb7+ Kf8 34. Qxa6 Qc1+ 35. Qf1 Qxc3 36. g3 a4 37. Qb5 b3
38. axb3 axb3 39. c6 b2 40. c7 Kg8 1/2-1/2